Earth Angel (All lyrics) - The Penguins - Statistics

General Stats
  • This quiz has been taken 15 times
  • The average score is 117 of 158
Answer Stats
Answer % Correct
a
100%
A
100%
angel,
100%
angel
100%
Earth
100%
earth
100%
you
89%
(you,
89%
you,
89%
you)
89%
be
78%
fool,
78%
fool
78%
I
78%
I'm
78%
in
78%
just
78%
Love
78%
love
78%
love,
78%
mine?
78%
mine
78%
My
78%
of
78%
Will
78%
with
78%
your
78%
all
67%
and
67%
darling
67%
the
67%
The
67%
time
67%
for
56%
happiness
56%
I'll
56%
one
56%
Please,
56%
that
56%
That
56%
vision
56%
adore
44%
dear
44%
ever
44%
fell
44%
forever
44%
knew
44%
more
44%
hope
33%
loveliness
33%
pray
33%
someday
33%
No matching quizzes found
Score Distribution
Percent of People with Each Score
Percentile by Number Answered
Your Score History
You have not taken this quiz